000 01665nam a2200277 a 4500
001 79792
003 BD-RjUL
005 20221024114736.0
008 220512s2008 bg ||||| m||| 00| 0 ben d
035 _a(BD-RjUL)79792
040 _aBD-RjUL
_bben/eng
_cBD-RjUL
_dBD-RjUL
041 _aben
082 _223
_a398.2095492
_bAKB 2008
100 _aআক্তার, মোছা. নাসিমা
_92969
245 1 0 _aবাংলা উপন্যাসে লোকউপাদান, (১৯৪৭-১৯৭১) /
_cমোছা. নাসিমা আক্তার ;
_6সুপারভাইজার: মুহম্মদ আবদুল জলিল
260 _aরাজশাহী :
_bফোকলোর বিভাগ, রাজশাহী বিশ্ববিদ্যালয়,
_c২০০৮
300 _a[৯], ১৬৯ পাতা ;
_c২৯ সেমি.
502 _aথিসিস (এম.ফিল.) -- ফোকলোর বিভাগ, রাজশাহী বিশ্ববিদ্যালয়, ২০০৮
504 _aগ্রন্থপঞ্জি : পাতা ১৬২-১৬৯
650 _aলোকসাহিত্য
_vইতিহাস
_zবাংলাদেশ
_y১৯৪৭-১৯৭১ খ্রিষ্টাব্দ
_92970
650 _aFolk literature
_vHistory
_zBangladesh
_y1947-1971 A. D.
_92971
650 _aবাংলা সাহিত্য
_xইতিহাস ও সমালোচনা
650 _aBengali Literature
_xHistory and Criticism
700 _aজলিল, মুহম্মদ আবদুল, সুপারভাইজার
_92972
942 _2ddc
_cTHE
999 _c79792
_d79792